| 000 | 00404nam a2200181Ia 4500 | ||
|---|---|---|---|
| 005 | 20241002011134.0 | ||
| 008 | 240331s9999 xx 000 0 und d | ||
| 020 | _a041509769X | ||
| 082 |
_bBRA _a809 |
||
| 100 | _aBradford, R | ||
| 245 | 0 | _aStylistics | |
| 260 |
_aLondon _bRoutledge _c1997 |
||
| 300 | _axii, 215 p ., | ||
| 650 | _aHistory | ||
| 650 | _aCriticism | ||
| 650 | _aGender | ||
| 942 | _cL | ||
| 999 |
_c3118 _d3118 |
||